00898cam a2200217 i 4500020002900000020002600029020002500055020002200080020002600102020002300128040000800151082002700159100002100186245006400207250001900271300004400290520028300334650002100617650002100638650002100659 a9780415595803 (hardback) a0415595800 (hardback) a9780415595810 (pbk.) a0415595819 (pbk.) a9780203831656 (ebook) a0203831659 (ebook) cDLC00a808 FAO 1991 C161 Or.1 aBailey, Stephen,10aAcademic writing :ba handbook for international students / aThird edition. axx, 293 pages :billustrations ;c25 cm aClearly organised into four parts, this new edition allows teachers and students to quickly find help they need with all writing tasks. Each part is divided into short sections containing explanations, diagrams and practice exercises, for use in the classroom or for self-study. 0aEnglish language 0aEnglish language 0aAcademic writing